<?xml version="1.0" encoding="UTF-8"?>
<record
    xmlns:xsi="http://www.w3.org/2001/XMLSchema-instance"
    xsi:schemaLocation="http://www.loc.gov/MARC21/slim http://www.loc.gov/standards/marcxml/schema/MARC21slim.xsd"
    xmlns="http://www.loc.gov/MARC21/slim">

  <leader>03210nam a2200325 i 4500</leader>
  <controlfield tag="003">CSPC</controlfield>
  <controlfield tag="005">20260421162240.0</controlfield>
  <controlfield tag="007">ta</controlfield>
  <controlfield tag="008">231122s2021    ph a     m    00| 0beng  </controlfield>
  <datafield tag="040" ind1=" " ind2=" ">
    <subfield code="a">CSPC</subfield>
    <subfield code="b">eng </subfield>
    <subfield code="c">CSPC</subfield>
    <subfield code="e">rda </subfield>
  </datafield>
  <datafield tag="090" ind1=" " ind2=" ">
    <subfield code="a">UTH BSOA M314c 2021</subfield>
  </datafield>
  <datafield tag="100" ind1="1" ind2=" ">
    <subfield code="a">Mangunay, Germaine V., </subfield>
    <subfield code="d">author.</subfield>
  </datafield>
  <datafield tag="245" ind1="1" ind2="0">
    <subfield code="a">Comparison of stress level among traditional and flexible online learning among the students in Camarines Sur Polytechnic Colleges Buhi Campus school year 2021-2022 / </subfield>
    <subfield code="c">Germaine V. Mangunay, Mary Rose O. REsurreccion, and Anthony E. Caceres. </subfield>
  </datafield>
  <datafield tag="260" ind1=" " ind2=" ">
    <subfield code="a">Buhi, Camarines Sur :</subfield>
    <subfield code="b">Camarines Sur Polytechnic Colleges,</subfield>
    <subfield code="c">2021.</subfield>
  </datafield>
  <datafield tag="300" ind1=" " ind2=" ">
    <subfield code="a">73 leaves :</subfield>
  </datafield>
  <datafield tag="336" ind1=" " ind2=" ">
    <subfield code="2">rdacontent</subfield>
    <subfield code="a">text</subfield>
  </datafield>
  <datafield tag="337" ind1=" " ind2=" ">
    <subfield code="2">rdamedia</subfield>
    <subfield code="a">unmediated</subfield>
  </datafield>
  <datafield tag="338" ind1=" " ind2=" ">
    <subfield code="2">rdacarrier</subfield>
    <subfield code="a">volume</subfield>
  </datafield>
  <datafield tag="502" ind1=" " ind2=" ">
    <subfield code="a">Undergraduate Thesis (BSOA)- Office Administration. </subfield>
    <subfield code="c">Camarines Sur Polytechnic Colleges, 2021. </subfield>
  </datafield>
  <datafield tag="504" ind1=" " ind2=" ">
    <subfield code="a">Includes bibliographical references. </subfield>
  </datafield>
  <datafield tag="520" ind1="3" ind2=" ">
    <subfield code="a">This study aims to determine the comparison of traditional and online flexible learning from the students' perspective. Specifically, it contains the stress level they are encountering in each two learning modalities. The stress levels are demonstrated by rating the two modes of learning from not stressful to strongly stressful. The total of 30 respondents in Camarines Sur Polytechnic Colleges Buhi Campus serves as the respondents of this study. Checklist questionnaires were used to gathered data for the said study. The questionnaires are distributed by the researchers through goggle forms to determine which learning modalities are stressful. Quantitative research method was applied to achieve study's objective. In addition, the respondents examined the results of the stressors in each learning modalities. As the gathered data shown, the stressor of online learning are the internet connection, lack of gadgets used, etc. And for the traditional learning, stressors are the pressure in the family, the expenses for transportation, etc. Many conclusions were formed including that there are students who see traditional mode of learning as more stressful than flexible mode of learning, while some see flexible mode of learning as more stressful. Different perspective depending on how they see the situation. Researchers have series of recommendation to address the said problem for the students, parents, relatives, professors, institutions, and the government to lessen the stress encountering in the two modes of learning. The research results can help practitioners and educators better understand student's situation in studying whether online or traditional learning, better understanding and taking action about the said problem will help students to reduce the stress level in the traditional as well as in the flexible online learning. </subfield>
  </datafield>
  <datafield tag="700" ind1="1" ind2=" ">
    <subfield code="a">Resurreccion, Maryrose O., </subfield>
    <subfield code="e">author.</subfield>
  </datafield>
  <datafield tag="700" ind1="1" ind2=" ">
    <subfield code="a">Caceres, Anthony E., </subfield>
    <subfield code="e">author.</subfield>
  </datafield>
  <datafield tag="720" ind1="1" ind2=" ">
    <subfield code="a">Oliveros, Josefin N., </subfield>
    <subfield code="e">adviser.</subfield>
  </datafield>
  <datafield tag="720" ind1="1" ind2=" ">
    <subfield code="a">Infnate, Leonisa O., </subfield>
    <subfield code="e">panelist, chair.</subfield>
  </datafield>
  <datafield tag="720" ind1="1" ind2=" ">
    <subfield code="a">Rosal, Jhomer I., </subfield>
    <subfield code="e">panelist. </subfield>
  </datafield>
  <datafield tag="720" ind1="1" ind2=" ">
    <subfield code="a">Secundo, Rey O., </subfield>
    <subfield code="e">panelist. </subfield>
  </datafield>
  <datafield tag="942" ind1=" " ind2=" ">
    <subfield code="2">ddc</subfield>
    <subfield code="n">0</subfield>
    <subfield code="c">UM</subfield>
    <subfield code="h">M314c </subfield>
    <subfield code="i">BSOA</subfield>
    <subfield code="k">UTH </subfield>
    <subfield code="m">2021</subfield>
  </datafield>
  <datafield tag="952" ind1=" " ind2=" ">
    <subfield code="0">0</subfield>
    <subfield code="1">0</subfield>
    <subfield code="2">ddc</subfield>
    <subfield code="4">0</subfield>
    <subfield code="7">0</subfield>
    <subfield code="a">BUHI</subfield>
    <subfield code="b">BUHI</subfield>
    <subfield code="c">UTH</subfield>
    <subfield code="d">2024-08-08</subfield>
    <subfield code="l">0</subfield>
    <subfield code="o">UTH BSOA Al861e 2023</subfield>
    <subfield code="p">00037UM-BUH</subfield>
    <subfield code="r">2024-08-08 00:00:00</subfield>
    <subfield code="t">1-1</subfield>
    <subfield code="w">2024-08-08</subfield>
    <subfield code="y">UM</subfield>
  </datafield>
  <datafield tag="999" ind1=" " ind2=" ">
    <subfield code="c">26588</subfield>
    <subfield code="d">26588</subfield>
  </datafield>
</record>
